000 01874nas a2200313 i 4500
001 173093
003 ES-MaACL
005 20250928125146.0
007 t|
008 091030c19441947sp a| | 1 ||pa d
080 _a3 : 061.12(460)
110 2 _aReal Academia de Ciencias Morales y Políticas (España)
_9222050
245 1 0 _aDiscursos de recepción leídos en la Real Academia de Ciencias Morales y Políticas
_g1944-1947.
260 _aMadrid :
_b[s. n.],
_c1944 (Sucesores de Rivedeneyra)
300 _a1 v. ;
_c26 cm.
505 8 _aContiene: T. XVIII: La polírica social de la dictadura / Eduardo Aunós (94 p.). Contestación / Marqués de Guad-El-Jelú (p. 95-144). La parmanencia de las leyes económicas / Juan Ventosa Calvell (37 p.). Contestación / César Silió (p. 39-52). La ley estadística en economía / José Mª Zumalacárregui (181 p.). Contestación / José Larraz López (p. 182-218). Lo vivo y lo muerto en la idea liberal / Carlos Ruiz del Castillo y Catalán de Ocón (91 p.). Contestación / Salvador Minguijón y Adrián (p. 95-116). La organización internacional / José Mª Trias de Bes y Giró (90 p.). Contestación / José de Yanguas y Messía (p. 91-101).
700 1 _aAunós Pérez, Eduardo,
_d1894-1967
_923920
700 1 _aSangro y Ros de Olano, Pedro,
_cMarqués de Guad-el-Jelú.
_9103144
700 1 _aVentosa y Calvell, Juan.
_9113915
700 0 _aSilio Beleña, César.
_9106346
700 1 _aZumalacárregui, José María.
_9118482
700 1 _aLarraz, José,
_d1904-1973
_970328
700 1 _aRuiz del Castillo y Catalán de Ocón, Carlos,
_d1896-1984
_9100778
700 1 _aMinguijón y Adrián, Salvador.
_981357
700 1 _aTrías de Bes, José María (
_d1890-1965)
_9111374
700 1 _aYanguas Messía, José de,
_d1890-1974
_9117556
852 _aES-MaACL
_jK-200
999 _c173093
_d173093